[Event "4th FIDE Grand Prix Series 2014/15"]
[Site "Khanty-Mansiysk RUS"]
[Date "2015.05.20"]
[Round "6"]
[White "Svidler, Peter"]
[Black "Giri, Anish"]
[Result "1-0"]
[WhiteElo "2734"]
[BlackElo "2776"]
[PlyCount "165"]
[EventDate "2015.05.14"]

1. d4 Nf6 2. c4 e6 3. Nf3 d5 4. Nc3 Bb4 5. cxd5 exd5 6. Bf4 O-O 7. Rc1 Bf5 8.
a3 Ba5 9. e3 c6 10. Be2 Nbd7 11. O-O Re8 12. b4 Bc7 13. Bxc7 Qxc7 14. b5 Qd6
15. Qb3 c5 16. dxc5 Nxc5 17. Qb4 Rac8 18. Rfd1 Be6 19. h3 Red8 20. Nd4 Qf8 21.
b6 axb6 22. Qxb6 Nfd7 23. Qb2 Nf6 24. Bf3 Rd7 25. Qb4 Qd8 26. Nce2 Rdc7 27. Nf4
Bd7 28. Qa5 Ra8 29. Qb6 Ra6 30. Qb4 Ra4 31. Qb6 Ra6 32. Qb4 Ra4 33. Qb2 Ne6 34.
Nxd5 Rxc1 35. Rxc1 Nxd4 36. exd4 Nxd5 37. Bxd5 b5 38. Bc6 Bxc6 39. Rxc6 h6 40.
Qc2 Ra8 41. Qc5 Qf8 42. Qxb5 Qxa3 43. Qc4 Qf8 44. d5 Qe8 45. Qd4 Rd8 46. Rc7
Qf8 47. Rc3 Qd6 48. Rg3 g6 49. Rd3 Kh7 50. g3 Rd7 51. Kg2 Rd8 52. h4 h5 53. Kf3
Kg8 54. Qf4 Qa6 55. Qd4 Qd6 56. Kg2 Rd7 57. g4 hxg4 58. Qxg4 Kg7 59. h5 Re7 60.
Qd4+ Qe5 61. hxg6 Qxd4 62. Rxd4 Kxg6 63. Kf3 Kf5 64. Rf4+ Kg5 65. Re4 Rd7 66.
Re5+ Kf6 67. Kf4 Ra7 68. Rf5+ Ke7 69. Kg5 Ra6 70. Re5+ Kd7 71. Re2 Rg6+ 72. Kf5
Ra6 73. f4 Ra4 74. Kg5 f6+ 75. Kf5 Kd6 76. Re4 Ra8 77. Kxf6 Kxd5 78. Re5+ Kd4
79. Re6 Rf8+ 80. Kg5 Rg8+ 81. Rg6 Re8 82. f5 Ke5 83. Rg7 1-0

[Event "4th FIDE Grand Prix Series 2014/15"]
[Site "Khanty-Mansiysk RUS"]
[Date "2015.05.20"]
[Round "6"]
[White "Vachier-Lagrave, Maxime"]
[Black "Karjakin, Sergey"]
[Result "0-1"]
[WhiteElo "2754"]
[BlackElo "2753"]
[PlyCount "76"]
[EventDate "2015.05.14"]

1. e4 e5 2. Nf3 Nc6 3. Bb5 Nf6 4. d3 Bc5 5. c3 O-O 6. O-O d6 7. Nbd2 Ne7 8. d4
exd4 9. cxd4 Bb6 10. Re1 Bg4 11. h3 Bh5 12. a3 a6 13. Bf1 Re8 14. e5 Nfd5 15.
Nc4 Ba7 16. g4 Bg6 17. Bg5 dxe5 18. dxe5 h6 19. Bh4 b5 20. Na5 Qc8 21. Rc1 c5
22. b4 c4 23. Nd4 Qc7 24. Nab3 Rad8 25. Qf3 Nxb4 26. axb4 Bxd4 27. Nxd4 Rxd4
28. e6 f6 29. Rcd1 Rxd1 30. Rxd1 c3 31. Bg3 Qc6 32. Qe2 c2 33. Rc1 Qc3 34. Bg2
Qxb4 35. Kh2 Rd8 36. Qf3 Qc4 37. Qb7 Qxe6 38. f4 Qe3 0-1

[Event "4th FIDE Grand Prix Series 2014/15"]
[Site "Khanty-Mansiysk RUS"]
[Date "2015.05.20"]
[Round "6"]
[White "Jobava, Baadur"]
[Black "Jakovenko, Dmitry"]
[Result "1/2-1/2"]
[WhiteElo "2699"]
[BlackElo "2738"]
[PlyCount "92"]
[EventDate "2015.05.14"]

1. b3 e5 2. Bb2 Nc6 3. e3 Nf6 4. h3 d5 5. Bb5 Bd6 6. Nf3 Qe7 7. d4 exd4 8. Qxd4
Bd7 9. Bxc6 Bxc6 10. Nbd2 O-O 11. O-O-O a5 12. g4 a4 13. g5 Ne8 14. Kb1 axb3
15. axb3 Bc5 16. Qe5 Bd6 17. Qxe7 Bxe7 18. Rhg1 Nd6 19. Ne5 Be8 20. h4 f6 21.
Nd3 fxg5 22. hxg5 Nb5 23. Nf4 c6 24. c4 Na3+ 25. Kc1 dxc4 26. Ne4 Bg6 27. Rd7
Rf7 28. Nxg6 hxg6 29. Rxb7 cxb3 30. Rxb3 Nc4 31. Rd1 Nxb2 32. Kxb2 Ra4 33. Rb8+
Rf8 34. Rxf8+ Kxf8 35. f3 Ra3 36. Nc3 Bb4 37. Rc1 Kf7 38. f4 c5 39. e4 Ke6 40.
Nd5 Rd3 41. Ra1 Rxd5 42. exd5+ Kxd5 43. Kc2 Ke4 44. Ra6 Kf5 45. Kd3 Kxf4 46.
Rxg6 c4+ 1/2-1/2

[Event "4th FIDE Grand Prix Series 2014/15"]
[Site "Khanty-Mansiysk RUS"]
[Date "2015.05.20"]
[Round "6"]
[White "Grischuk, Alexander"]
[Black "Caruana, Fabiano"]
[Result "0-1"]
[WhiteElo "2780"]
[BlackElo "2803"]
[PlyCount "150"]
[EventDate "2015.05.14"]

1. Nf3 Nf6 2. d4 d5 3. c4 e6 4. Nc3 Be7 5. Bg5 h6 6. Bf4 O-O 7. e3 Nbd7 8. g4
dxc4 9. Bxc4 Nb6 10. Bb3 Nfd5 11. Bg3 c5 12. Ne5 cxd4 13. Qxd4 Nxc3 14. bxc3
Nd5 15. O-O Qa5 16. Rac1 Rd8 17. Rfd1 Bd7 18. Bxd5 exd5 19. Qxd5 Qxd5 20. Rxd5
Be6 21. Rb5 Ba3 22. Ra1 b6 23. c4 f6 24. Rb3 Bf8 25. Nc6 Rdc8 26. Nd4 Bxc4 27.
Rbb1 Bd5 28. a4 Rc4 29. a5 Bc5 30. axb6 axb6 31. Rxa8+ Bxa8 32. h3 Be4 33. Rd1
Bxd4 34. exd4 b5 35. Kh2 b4 36. d5 Bc2 37. Ra1 b3 38. Ra8+ Kh7 39. Rb8 Rd4 40.
d6 Rd1 41. Kg2 Rd3 42. Rb6 Bd1 43. f4 h5 44. g5 Kg6 45. Bh4 Kf5 46. gxf6 gxf6
47. Rb5+ Ke4 48. Bxf6 Rxd6 49. Be5 Rd3 50. Rb4+ Kf5 51. Rb5 h4 52. Bh8+ Ke4 53.
f5 Ke3 54. Re5+ Kf4 55. Rb5 Rd2+ 56. Kg1 Kg3 57. Rb4 Bc2 58. Be5+ Kxh3 59. f6
Rg2+ 60. Kf1 Rg5 61. Bd4 Kh2 62. Bb6 h3 63. Bc7+ Kh1 64. Rh4 Bd3+ 65. Kf2 Rg2+
66. Ke3 b2 67. Rb4 Bg6 68. Be5 h2 69. f7 Bxf7 70. Bxb2 Rg5 71. Kf2 Bd5 72. Bd4
Rg2+ 73. Kf1 Rc2 74. Rb6 Bc4+ 75. Ke1 Rg2 0-1

[Event "Chinese Championship 2015"]
[Site "Xinghua CHN"]
[Date "2015.05.20"]
[Round "3"]
[White "Zhou, Jianchao"]
[Black "Wei, Yi"]
[Result "0-1"]
[WhiteElo "2589"]
[BlackElo "2718"]
[PlyCount "77"]
[EventDate "2015.05.18"]

1. Nf3 Nf6 2. c4 g6 3. g3 Bg7 4. Bg2 d5 5. d4 c6 6. cxd5 cxd5 7. Nc3 O-O 8. Ne5
Bf5 9. O-O Ne4 10. Qb3 Nc6 11. Nxc6 bxc6 12. Nxe4 Bxe4 13. Bxe4 dxe4 14. Be3
Rb8 15. Qa3 Bxd4 16. Rad1 e5 17. Bxd4 exd4 18. Qxa7 Rb6 19. a4 c5 20. a5 Rb5
21. b4 cxb4 22. Qxd4 Qxa5 23. Qxe4 b3 24. Rb1 b2 25. Rfd1 Rc8 26. Kg2 Qc3 27.
Rd3 Qf6 28. Rd2 Kg7 29. h4 Qc3 30. Qd3 Qc6+ 31. Qf3 Qb6 32. Qa3 Rb3 33. Qa4 Rc1
34. Qe4 Rxb1 35. Qxb1 Qc6+ 36. f3 Qc1 37. Rd1 Rc3 38. Qe4 Qxd1 39. Qe5+ 0-1

[Event "Chinese Championship 2015"]
[Site "Xinghua CHN"]
[Date "2015.05.21"]
[Round "4"]
[White "Liu, Qingnan"]
[Black "Yu, Yangyi"]
[Result "1/2-1/2"]
[WhiteElo "2523"]
[BlackElo "2723"]
[PlyCount "54"]
[EventDate "2015.05.18"]

1. e4 e5 2. Nf3 Nc6 3. Bc4 Nf6 4. Ng5 d5 5. exd5 Na5 6. Bb5+ c6 7. dxc6 bxc6 8.
Be2 h6 9. Nf3 e4 10. Ne5 Bd6 11. d4 exd3 12. Nxd3 O-O 13. O-O Qc7 14. h3 c5 15.
b3 c4 16. bxc4 Nxc4 17. Nd2 Nxd2 18. Bxd2 Bf5 19. Ne1 Ne4 20. Bd3 Rac8 21. Nf3
Bc5 22. Be3 Rfd8 23. Qc1 Nc3 24. Qd2 Ne4 25. Qc1 Nc3 26. Qd2 Ne4 27. Qc1 Nc3
1/2-1/2

[Event "4th FIDE Grand Prix Series 2014/15"]
[Site "Khanty-Mansiysk RUS"]
[Date "2015.05.21"]
[Round "7"]
[White "Jakovenko, D."]
[Black "Grischuk, A."]
[Result "1/2-1/2"]
[WhiteElo "2738"]
[BlackElo "2780"]
[PlyCount "42"]
[EventDate "2015.05.13"]

1. d4 Nf6 2. c4 g6 3. g3 c6 4. Nf3 Bg7 5. Bg2 d5 6. O-O O-O 7. Qb3 Qb6 8. Nc3
Rd8 9. Rd1 Bf5 10. Ne1 dxc4 11. Qxc4 Na6 12. e4 Be6 13. d5 cxd5 14. exd5 Bg4
15. Be3 Qxb2 16. Nd3 Qa3 17. Nb5 Qa5 18. Bd2 Qb6 19. Be3 Qa5 20. Bd2 Qb6 21.
Be3 Qa5 1/2-1/2

[Event "4th FIDE Grand Prix Series 2014/15"]
[Site "Khanty-Mansiysk RUS"]
[Date "2015.05.21"]
[Round "7"]
[White "Karjakin, Sergey"]
[Black "Jobava, Ba"]
[Result "1/2-1/2"]
[WhiteElo "2753"]
[BlackElo "2699"]
[PlyCount "63"]
[EventDate "2015.05.13"]

1. e4 e6 2. d4 d5 3. Nc3 Nc6 4. e5 Nge7 5. Nf3 Bd7 6. Ne2 Nf5 7. Ng3 Nh4 8. c3
g6 9. Bf4 f6 10. Nxh4 fxe5 11. Nxg6 hxg6 12. dxe5 Qh4 13. Ne2 O-O-O 14. Qd2 Rh5
15. Ng3 Rxe5+ 16. Bxe5 Nxe5 17. Qe3 Nc6 18. Bb5 Bh6 19. Qe2 e5 20. Rd1 a6 21.
Bxa6 Ne7 22. Bb5 c6 23. Qxe5 Bf4 24. Rd4 Bxe5 25. Rxh4 cxb5 26. O-O Kc7 27. Re1
Kd6 28. Rh7 Nc6 29. Rd1 Ke6 30. Re1 Kd6 31. Rd1 Ke6 32. Re1 1/2-1/2

[Event "4th FIDE Grand Prix Series 2014/15"]
[Site "Khanty-Mansiysk RUS"]
[Date "2015.05.21"]
[Round "7"]
[White "Giri, A."]
[Black "Tomashevsky, E."]
[Result "1-0"]
[WhiteElo "2776"]
[BlackElo "2749"]
[PlyCount "115"]
[EventDate "2015.05.13"]

1. e4 e5 2. Nf3 Nc6 3. Bb5 a6 4. Ba4 Nf6 5. O-O Be7 6. Re1 b5 7. Bb3 O-O 8. a4
Bb7 9. d3 d6 10. Nbd2 Na5 11. Ba2 c5 12. Nf1 bxa4 13. Ne3 Bc8 14. Nh4 g6 15.
Nf3 Bd7 16. Nd5 Nxd5 17. Bxd5 Rb8 18. Bh6 Re8 19. Qd2 Bc6 20. Bxc6 Nxc6 21. c3
Qd7 22. Qc2 a5 23. Rxa4 Red8 24. Bc1 d5 25. exd5 Qxd5 26. Rae4 f6 27. Qa4 Rbc8
28. R4e3 Rc7 29. Nd2 Rcd7 30. Nc4 Qe6 31. Qc2 Bd6 32. f4 Bc7 33. Rf3 Rd5 34.
Qe2 Kh8 35. Qf1 f5 36. Rfe3 Qf6 37. Qe2 Re8 38. g4 Qh4 39. gxf5 gxf5 40. Kh1
Rd7 41. Rg1 e4 42. Qg2 Qf6 43. Rg3 Qf7 44. b3 Bd8 45. dxe4 fxe4 46. f5 Bc7 47.
Rg4 Ne5 48. Rxe4 Rdd8 49. Bg5 Rb8 50. Qe2 Nd7 51. Re6 Rg8 52. Qf3 Rbe8 53. Qg4
Ref8 54. Nd6 Bxd6 55. Rxd6 Qxf5 56. Rxd7 Qxg4 57. Rxg4 Rf5 58. Rd5 1-0

[Event "4th FIDE Grand Prix Series 2014/15"]
[Site "Khanty-Mansiysk RUS"]
[Date "2015.05.21"]
[Round "7"]
[White "Dominguez Perez, L."]
[Black "Svidler, P."]
[Result "1-0"]
[WhiteElo "2734"]
[BlackElo "2734"]
[PlyCount "75"]
[EventDate "2015.05.13"]

1. e4 e5 2. Nf3 Nc6 3. Bb5 a6 4. Ba4 Nf6 5. O-O Be7 6. Re1 b5 7. Bb3 d6 8. a4
b4 9. d4 O-O 10. dxe5 dxe5 11. Nbd2 Bc5 12. Qe2 Qe7 13. a5 h6 14. h3 Rd8 15.
Bc4 Nd4 16. Nxd4 Bxd4 17. Nb3 c5 18. Nxd4 cxd4 19. Bd2 Qc5 20. b3 Be6 21. Bd3
Bd7 22. Bxa6 Rdb8 23. Bd3 Rxa5 24. Qf3 Rb6 25. Qg3 Nh5 26. Qh4 Nf6 27. f4 Rxa1
28. Rxa1 Bc6 29. fxe5 Qxe5 30. Bf4 Qe8 31. e5 Nd5 32. Bg3 Bb5 33. Qxd4 Bxd3 34.
cxd3 Qc6 35. Kh2 Rb5 36. Ra7 h5 37. Qe4 Rc5 38. e6 1-0

[Event "4th FIDE Grand Prix Series 2014/15"]
[Site "Khanty-Mansiysk RUS"]
[Date "2015.05.22"]
[Round "8"]
[White "Tomashevsky, Evgeny"]
[Black "Dominguez Perez, Leinier"]
[Result "1/2-1/2"]
[WhiteElo "2749"]
[BlackElo "2734"]
[PlyCount "202"]
[EventDate "2015.05.14"]

1. d4 Nf6 2. c4 g6 3. Nc3 d5 4. Bg5 Bg7 5. Bxf6 Bxf6 6. cxd5 c5 7. dxc5 Nd7 8.
e3 O-O 9. Bc4 Nxc5 10. Nge2 Qa5 11. Qd2 b5 12. Nxb5 Qxd2+ 13. Kxd2 Rb8 14. Rhb1
Bf5 15. Nbd4 Bxb1 16. Rxb1 Ne4+ 17. Ke1 Rb6 18. b4 Rc8 19. Nc6 e6 20. Rc1 Rbxc6
21. dxc6 Rxc6 22. b5 Rc5 23. f3 Nd6 24. Bd3 Rxc1+ 25. Nxc1 Kf8 26. Kd2 Ke7 27.
Nb3 Kd7 28. a4 Kc7 29. Kc2 Nb7 30. Be4 Nd6 31. Bd3 Nb7 32. Be4 Nd6 33. Kd3 Kb6
34. f4 h5 35. g3 Bg7 36. Ba8 Bf6 37. Bh1 Bh8 38. Bf3 Bg7 39. Bg2 Bh8 40. Bh1
Bg7 41. Bc6 a6 42. Nd2 axb5 43. axb5 Nxb5 44. Be8 Nd6 45. Nc4+ Kc7 46. Nxd6
Kxd6 47. Bxf7 h4 48. Bxg6 hxg3 49. hxg3 Bb2 50. Ke4 Ke7 51. Bh5 Kf6 52. g4 Ke7
53. Kf3 Bc1 54. Bg6 Bd2 55. Bc2 Kf6 56. Bd3 Bc1 57. Bb1 Bd2 58. Be4 Bc1 59. Bc2
Bd2 60. Bd3 Bc1 61. Bb5 Bd2 62. Bd7 Ke7 63. Bc8 Kf6 64. Ba6 Bc1 65. Bc4 Bd2 66.
Bb3 Bc1 67. Ba2 Bd2 68. Bc4 Bc1 69. g5+ Ke7 70. Ke2 Ba3 71. Bb3 Bc1 72. Kd3 Ba3
73. Kd2 Bb4+ 74. Ke2 Ba3 75. Kd3 Bc1 76. Bd1 Kf7 77. Bh5+ Ke7 78. Ke2 Kf8 79.
Kf3 Bd2 80. Ke4 Bc1 81. Kd4 Bb2+ 82. Kd3 Bc1 83. Ke2 Kg7 84. Kf3 Bd2 85. Bg4
Kf7 86. Bh3 Bc1 87. Bxe6+ Kxe6 88. e4 Bd2 89. Kg4 Bc1 90. Kg3 Bd2 91. Kf3 Bc1
92. Kg4 Bd2 93. f5+ Ke5 94. Kh5 Kxe4 95. g6 Bc3 96. Kg5 Kd5 97. Kh6 Ke4 98. Kg5
Kd5 99. f6 Ke6 100. g7 Bxf6+ 101. Kg6 Ke5 1/2-1/2

[Event "4th FIDE Grand Prix Series 2014/15"]
[Site "Khanty-Mansiysk RUS"]
[Date "2015.05.22"]
[Round "8"]
[White "Vachier-Lagrave, Maxime"]
[Black "Giri, Anish"]
[Result "1/2-1/2"]
[WhiteElo "2754"]
[BlackElo "2776"]
[PlyCount "63"]
[EventDate "2015.05.14"]

1. d4 Nf6 2. c4 e6 3. Nf3 d5 4. Nc3 c6 5. e3 Nbd7 6. Qc2 Bd6 7. Bd3 O-O 8. O-O
e5 9. cxd5 cxd5 10. e4 exd4 11. Nxd5 Nxd5 12. exd5 h6 13. Nxd4 Qh4 14. Nf3 Qh5
15. Bh7+ Kh8 16. Qf5 Qxf5 17. Bxf5 Nf6 18. Bxc8 Rfxc8 19. Be3 Rd8 20. Rfd1 Be7
21. d6 Rxd6 22. Re1 Bd8 23. Kf1 Kg8 24. Rad1 Rxd1 25. Rxd1 Bc7 26. Bd4 Ne8 27.
Ke2 a6 28. Bc3 Nd6 29. Rd5 f6 30. Kd3 Re8 31. Bd4 Kf7 32. Be3 1/2-1/2

[Event "4th FIDE Grand Prix Series 2014/15"]
[Site "Khanty-Mansiysk RUS"]
[Date "2015.05.22"]
[Round "8"]
[White "Grischuk, Alexander"]
[Black "Karjakin, Sergey"]
[Result "1-0"]
[WhiteElo "2780"]
[BlackElo "2753"]
[PlyCount "79"]
[EventDate "2015.05.14"]

1. d4 Nf6 2. c4 e6 3. Nf3 d5 4. Nc3 c6 5. Bg5 h6 6. Bh4 dxc4 7. e4 g5 8. Bg3 b5
9. Be2 Bb7 10. e5 Nd5 11. O-O Nxc3 12. bxc3 c5 13. a4 a6 14. Qb1 g4 15. Nh4
cxd4 16. axb5 d3 17. Bxg4 a5 18. Bf3 Bxf3 19. Nxf3 Qd5 20. Ra4 Nd7 21. Qa2 Nb6
22. Rxa5 Rxa5 23. Qxa5 Bc5 24. Qa2 O-O 25. Qd2 Kh7 26. Re1 Be7 27. Bf4 Rg8 28.
Kh1 Bf8 29. Be3 Nd7 30. Bd4 Qxb5 31. Qf4 Bg7 32. Qxf7 Qd5 33. Nd2 Rf8 34. Qe7
Rf5 35. Re3 Rg5 36. Rg3 Nxe5 37. Rxg5 hxg5 38. Nxc4 Kg6 39. Qe8+ Nf7 40. Qg8
1-0

[Event "4th FIDE Grand Prix Series 2014/15"]
[Site "Khanty-Mansiysk RUS"]
[Date "2015.05.22"]
[Round "8"]
[White "Caruana, Fabiano"]
[Black "Jakovenko, Dmitry"]
[Result "0-1"]
[WhiteElo "2803"]
[BlackElo "2738"]
[PlyCount "94"]
[EventDate "2015.05.14"]

1. e4 e5 2. Nf3 Nc6 3. Bb5 Nf6 4. d3 Bc5 5. Nbd2 O-O 6. Bxc6 dxc6 7. Nc4 Nd7 8.
Be3 Bd6 9. O-O Re8 10. Nfd2 Nf8 11. Qh5 Be6 12. h3 Ng6 13. g3 Qd7 14. Kh2 f5
15. exf5 Bxf5 16. Ne4 Rf8 17. Rae1 Rae8 18. Bd2 Ne7 19. Ne3 Bg6 20. Qg4 Qd8 21.
Ng5 Rf6 22. h4 Nd5 23. Qc4 Kh8 24. Nxd5 cxd5 25. Qxd5 e4 26. Kg1 exd3 27. cxd3
h6 28. Ne4 Rfe6 29. Bc3 Bf8 30. Qb3 b6 31. Re3 Bc5 32. Rf3 Bd4 33. Re1 c5 34.
Rf4 Bxc3 35. Qxc3 Qd5 36. Qb3 c4 37. Qc3 cxd3 38. f3 Bxe4 39. fxe4 Rxe4 40.
Rexe4 Rxe4 41. Rf2 Re3 42. Kh2 Qe4 43. Qc8+ Kh7 44. Rf4 Re2+ 45. Kh3 Qg2+ 46.
Kg4 h5+ 47. Kxh5 Qxg3 0-1

[Event "Chinese Championship 2015"]
[Site "Xinghua CHN"]
[Date "2015.05.22"]
[Round "5"]
[White "Lin, Chen"]
[Black "Wei, Yi"]
[Result "1/2-1/2"]
[WhiteElo "2460"]
[BlackElo "2718"]
[PlyCount "123"]
[EventDate "2015.05.18"]

1. e4 e5 2. Nf3 Nc6 3. d4 exd4 4. Nxd4 Bc5 5. Nb3 Bb6 6. Nc3 Nf6 7. Bd3 a5 8.
Nd5 Nxd5 9. exd5 Qe7+ 10. Be2 a4 11. dxc6 axb3 12. cxb3 dxc6 13. O-O O-O 14.
Bd3 Rd8 15. Qc2 Ra5 16. Bf4 Rc5 17. Bc4 Rf5 18. Rfe1 Qf6 19. Be3 h5 20. Bxb6
cxb6 21. Rad1 b5 22. Bf1 Be6 23. Rxd8+ Qxd8 24. Rd1 Qe7 25. Qd3 Kh7 26. Qe3 g6
27. Bd3 Rd5 28. Bc2 Qf6 29. Rxd5 Bxd5 30. Qd2 h4 31. h3 Kg7 32. Bd1 Qe5 33. a3
Qe4 34. Bf3 Qb1+ 35. Kh2 Bxf3 36. Qd4+ f6 37. gxf3 Qf5 38. Kg2 Qg5+ 39. Kf1 Qd5
40. Qc3 c5 41. Kg2 g5 42. Qa5 Qc6 43. Qd8 Kf7 44. Qd3 c4 45. Qh7+ Ke6 46. b4
Qd5 47. Qg8+ Ke5 48. Qe8+ Kf4 49. Qb8+ Kf5 50. Qc8+ Kg6 51. Qe8+ Kg7 52. Qe7+
Qf7 53. Qd6 Kg6 54. f4 Qe8 55. Qd5 gxf4 56. Kf3 Kh6 57. Qf5 Qc6+ 58. Kxf4 Qd6+
59. Ke3 Kg7 60. Qg4+ Kf7 61. Qh5+ Kg7 62. Qg4+ 1/2-1/2

[Event "Chinese Championship 2015"]
[Site "Xinghua CHN"]
[Date "2015.05.22"]
[Round "5"]
[White "Zhao, Jun"]
[Black "Wan, Yunguo"]
[Result "0-1"]
[WhiteElo "2613"]
[BlackElo "2472"]
[PlyCount "54"]
[EventDate "2015.05.18"]

1. e4 e6 2. d4 d5 3. Nd2 Nf6 4. e5 Nfd7 5. c3 c5 6. f4 Nc6 7. Ndf3 Qb6 8. a3 a5
9. Nh3 Be7 10. f5 cxd4 11. cxd4 exf5 12. Nf4 O-O 13. Nxd5 Qd8 14. Nc3 Nb6 15.
d5 Nxe5 16. Nxe5 Re8 17. Nf3 Bxa3+ 18. Be2 Bc5 19. Kf1 Bd7 20. Bf4 Qf6 21. Rc1
Rac8 22. h4 a4 23. Rh3 a3 24. bxa3 Bxa3 25. Rc2 Rxc3 26. Rxc3 Qxc3 27. Ne5 Qb4
0-1

[Event "Chinese Championship 2015"]
[Site "Xinghua CHN"]
[Date "2015.05.22"]
[Round "5"]
[White "Yu, Yangyi"]
[Black "Wen, Yang"]
[Result "1-0"]
[WhiteElo "2723"]
[BlackElo "2583"]
[PlyCount "87"]
[EventDate "2015.05.18"]

1. Nf3 Nf6 2. c4 g6 3. Nc3 Bg7 4. e4 d6 5. d4 O-O 6. h3 Na6 7. Be3 Qe8 8. Be2
e5 9. d5 Nh5 10. g3 f5 11. exf5 gxf5 12. Nh4 Nf6 13. Qd2 Nd7 14. Bh6 Bxh6 15.
Qxh6 Qf7 16. O-O-O Qf6 17. Qd2 e4 18. f3 exf3 19. Nxf3 Ne5 20. Nd4 Bd7 21. g4
fxg4 22. hxg4 Qf4 23. Rdf1 Qxd2+ 24. Kxd2 Rxf1 25. Rxf1 Rf8 26. Rg1 Nc5 27. b4
Na6 28. a3 c5 29. dxc6 bxc6 30. Nf5 Bxf5 31. gxf5+ Kh8 32. Rf1 Nc7 33. Ke3 Re8
34. Kf4 Rf8 35. Ne4 Nxc4 36. Bxc4 d5 37. Bd3 dxe4 38. Bxe4 Nb5 39. Rc1 Nxa3 40.
Rxc6 Rb8 41. f6 Kg8 42. Bd5+ Kf8 43. Rc7 Ke8 44. Ke5 1-0

[Event "Czech Championship 2015"]
[Site "Havlickuv Brod CZE"]
[Date "2015.05.19"]
[Round "5"]
[White "Zilka, Stepan"]
[Black "Navara, David"]
[Result "0-1"]
[WhiteElo "2514"]
[BlackElo "2751"]
[PlyCount "112"]
[EventDate "2015.05.15"]

1. d4 Nf6 2. c4 e6 3. Nf3 b6 4. g3 Ba6 5. b3 Bb4+ 6. Bd2 Be7 7. Bg2 d5 8. Ne5
O-O 9. O-O Bb7 10. Bc3 Na6 11. Nd2 c5 12. e3 Qc7 13. Rc1 cxd4 14. Bxd4 Ba3 15.
Rb1 Rfd8 16. cxd5 Bxd5 17. Bxd5 Rxd5 18. Nec4 Be7 19. Rc1 Qb7 20. Qf3 Rad8 21.
Bxf6 gxf6 22. Ne4 f5 23. Nc3 R5d7 24. Qxb7 Rxb7 25. Rfd1 Rxd1+ 26. Rxd1 Nc5 27.
Kf1 Bf6 28. Nb5 a6 29. Nbd6 Rb8 30. Ke2 Kf8 31. f3 b5 32. Na5 Rd8 33. Nab7 Nxb7
34. Nxb7 Rc8 35. b4 Rc4 36. a3 Bb2 37. Rd3 Rc2+ 38. Rd2 Rxd2+ 39. Kxd2 Bxa3 40.
Kc3 Ke7 41. Na5 Kd6 42. Nb3 Kd5 43. Nd4 Bc1 44. Kd3 Bb2 45. Nb3 Be5 46. Na5 Bc7
47. Nb3 Bd6 48. Kc3 e5 49. Na1 Be7 50. Nc2 Bf6 51. Kb3 h6 52. e4+ fxe4 53. Ne3+
Kd4 54. Nf5+ Kd3 55. fxe4 Kxe4 56. Nxh6 Kf3 0-1

[Event "Czech Championship 2015"]
[Site "Havlickuv Brod CZE"]
[Date "2015.05.20"]
[Round "6"]
[White "Navara, David"]
[Black "Bernasek, Jan"]
[Result "1-0"]
[WhiteElo "2751"]
[BlackElo "2513"]
[PlyCount "105"]
[EventDate "2015.05.15"]

1. e4 c5 2. Nf3 d6 3. d4 cxd4 4. Nxd4 Nf6 5. Nc3 a6 6. h3 e6 7. g4 d5 8. Nde2
Bc5 9. exd5 Qb6 10. Be3 Bxe3 11. fxe3 Qxe3 12. Bg2 Nxd5 13. Bxd5 exd5 14. Nxd5
Qe5 15. Qd4 Qxd4 16. Nxd4 O-O 17. Nb6 Ra7 18. O-O-O Nd7 19. Nxc8 Rxc8 20. Nf5
Rc7 21. Rd6 Kf8 22. Rhd1 b5 23. R1d5 g6 24. Nd4 Ke8 25. Nc6 Ra8 26. Nb4 Nc5 27.
c3 Rac8 28. Kc2 a5 29. Na6 Nxa6 30. Rxa6 b4 31. Raxa5 bxc3 32. b4 Re7 33. Re5
f6 34. Rxe7+ Kxe7 35. Rc5 Rf8 36. Rxc3 f5 37. gxf5 gxf5 38. Kd3 Kd6 39. b5 Kd5
40. b6 Rb8 41. Rb3 Kc6 42. b7 Kc7 43. Ke3 Re8+ 44. Kf4 Kb8 45. Kxf5 Rd8 46. Kg5
Rd6 47. a4 Rd5+ 48. Kh6 Rd4 49. a5 Rd5 50. a6 Rd6+ 51. Kxh7 Rxa6 52. h4 Ra5 53.
Rb4 1-0

[Event "Czech Championship 2015"]
[Site "Havlickuv Brod CZE"]
[Date "2015.05.21"]
[Round "7"]
[White "Petr, Martin"]
[Black "Navara, David"]
[Result "0-1"]
[WhiteElo "2516"]
[BlackElo "2751"]
[PlyCount "78"]
[EventDate "2015.05.15"]

1. e4 c6 2. Nc3 d5 3. Nf3 Nf6 4. e5 Ne4 5. d4 Nxc3 6. bxc3 e6 7. c4 c5 8. c3
Nc6 9. Be2 cxd4 10. cxd4 Be7 11. O-O O-O 12. Be3 b6 13. Rc1 dxc4 14. Bxc4 Nb4
15. Nd2 Bb7 16. Qg4 Kh8 17. Ne4 Rc8 18. a3 Bd5 19. Bxd5 Nxd5 20. Bg5 Bxg5 21.
Nxg5 h6 22. Ne4 f5 23. exf6 Nxf6 24. Nxf6 Rxc1 25. Rxc1 Qxf6 26. f3 Rd8 27. Rd1
Qe7 28. Rd3 Rc8 29. Qf4 b5 30. h3 a5 31. Qe5 b4 32. axb4 axb4 33. Re3 Rc3 34.
Re1 b3 35. Kh2 Qf8 36. d5 Rc5 37. Qxe6 Qf4+ 38. g3 Rc2+ 39. Re2 Qc4 0-1

[Event "Czech Championship 2015"]
[Site "Havlickuv Brod CZE"]
[Date "2015.05.22"]
[Round "8"]
[White "Navara, David"]
[Black "Hracek, Zbynek"]
[Result "1/2-1/2"]
[WhiteElo "2751"]
[BlackElo "2617"]
[PlyCount "73"]
[EventDate "2015.05.15"]

1. d4 Nf6 2. c4 e6 3. Nf3 b6 4. g3 Bb7 5. Bg2 Be7 6. O-O O-O 7. Re1 Na6 8. Nc3
Ne4 9. Qc2 Nb4 10. Qb3 c5 11. a3 Na6 12. d5 Nxc3 13. bxc3 exd5 14. cxd5 c4 15.
Qxc4 Rc8 16. Qa2 Bf6 17. Rb1 Bxc3 18. Bg5 Bf6 19. Bf4 Nc5 20. e4 d6 21. e5 dxe5
22. Nxe5 Bxe5 23. Rxe5 Nd3 24. Bg5 f6 25. Re3 Ba6 26. Bh4 g5 27. d6+ Kh8 28.
Bf1 Qxd6 29. Bxg5 fxg5 30. Bxd3 Bxd3 31. Qb2+ Qf6 32. Rxd3 Qxb2 33. Rxb2 Kg7
34. Re2 Rc7 35. Kg2 Kg6 36. Rd5 Rf5 37. Rd6+ 1/2-1/2

[Event "Czech Championship 2015"]
[Site "Havlickuv Brod CZE"]
[Date "2015.05.23"]
[Round "9"]
[White "Stocek, Jiri"]
[Black "Navara, David"]
[Result "1/2-1/2"]
[WhiteElo "2559"]
[BlackElo "2751"]
[PlyCount "45"]
[EventDate "2015.05.15"]

1. d4 Nf6 2. c4 e6 3. Nc3 Bb4 4. e3 O-O 5. Bd3 d5 6. cxd5 exd5 7. Nge2 Re8 8.
Bd2 c5 9. a3 Bxc3 10. Bxc3 c4 11. Bc2 Bg4 12. O-O Nc6 13. b3 cxb3 14. Bxb3 Ne4
15. f3 Nxc3 16. Nxc3 Be6 17. e4 dxe4 18. d5 Qb6+ 19. Kh1 Rad8 20. Na4 Qb5 21.
Nc3 Qb6 22. Na4 Qb5 23. Nc3 1/2-1/2

[Event "4th FIDE Grand Prix Series 2014/15"]
[Site "Khanty-Mansiysk RUS"]
[Date "2015.05.24"]
[Round "9"]
[White "Jakovenko, D."]
[Black "Gelfand, B."]
[Result "1/2-1/2"]
[WhiteElo "2738"]
[BlackElo "2744"]
[PlyCount "105"]
[EventDate "2015.05.13"]

1. e4 c5 2. Nf3 d6 3. d4 cxd4 4. Nxd4 Nf6 5. Nc3 a6 6. h3 e5 7. Nde2 h5 8. g3
b5 9. Nd5 Nbd7 10. Bg5 Bb7 11. Nec3 Rc8 12. Bg2 Be7 13. Nxe7 Qxe7 14. O-O Qe6
15. Re1 b4 16. Nd5 Bxd5 17. exd5 Qf5 18. Bd2 Rxc2 19. Rc1 Rxc1 20. Qxc1 Nc5 21.
Bxb4 Nd3 22. Qc6+ Qd7 23. Qa8+ Qd8 24. Qc6+ Nd7 25. Re4 f5 26. Rc4 e4 27. Qxa6
Nxb4 28. Qxd6 Nd3 29. Qe6+ Kf8 30. Qxf5+ Kg8 31. Qe6+ Kf8 32. Qd6+ Kg8 33. Qe6+
Kf8 34. Qxe4 N3e5 35. Qf5+ Kg8 36. d6 Rh6 37. Re4 h4 38. Rxh4 Rxh4 39. gxh4
Qxh4 40. Bd5+ Kh8 41. Kh1 Qh6 42. f4 g6 43. Qe6 Qf8 44. Bb3 g5 45. f5 Nd3 46.
Qxd7 Qa8+ 47. Kg1 Nf4 48. Kf2 g4 49. hxg4 Qg2+ 50. Ke3 Nd5+ 51. Kd4 Qf2+ 52.
Kxd5 Qd4+ 53. Kxd4 1/2-1/2